书目信息 |
| 题名: |
摄影创作实践
|
|
| 作者: | 徐国兴 编 | |
| 分册: | ||
| 出版信息: | 北京 中国摄影出版社 1983 |
|
| 页数: | 163页 | |
| 开本: | 19cm | |
| 丛书名: | ||
| 单 册: | ||
| 中图分类: | J404 | |
| 科图分类: | ||
| 主题词: | 摄影艺术-创作方法 , 摄影艺术--艺术理论 , 创作方法-摄影艺术 | |
| 电子资源: | ||
| ISBN: | ||
| 000 | 00682nam0 2200253 45 | |
| 001 | 0183003965 | |
| 005 | 20060420143813.68 | |
| 010 | @dCNY0.76 | |
| 091 | @a8226.15 | |
| 100 | @a19950620d1983 em y0chiy0121 ea | |
| 101 | 0 | @achi |
| 102 | @aCN@b110000 | |
| 105 | @ay z 000yy | |
| 200 | 10 | @a摄影创作实践@Ashe ying chuang zuo shi jian@f徐国兴编@Fxu guo xing bian |
| 210 | @a北京@c中国摄影出版社@d1983 | |
| 215 | @a163页@d19cm | |
| 606 | @a摄影艺术-创作方法 | |
| 606 | 0 | @a摄影艺术@x艺术理论 |
| 606 | @a创作方法-摄影艺术 | |
| 690 | @aJ404@v4 | |
| 701 | 0 | @a徐国兴@Axu guo xing@4编 |
| 801 | 2 | @aCN@bNLC@c20060420 |
| 801 | 0 | @aCN@b上海图书馆@c20040521 |
| 905 | @dJ404@e41 | |
| 摄影创作实践/徐国兴编.-北京:中国摄影出版社,1983 |
| 163页;19cm |
| ISBN :CNY0.76 |
| ● |
| 相关链接 |
|
|
|
|
正题名:摄影创作实践
索取号:J404/41
 
预约/预借
| 序号 | 登录号 | 条形码 | 馆藏地/架位号 | 状态 | 备注 |
| 1 | 0100976 | 000572339 | 第一借阅区/ [索取号:J404/41] | 在馆 | |
| 2 | 0100977 | 202276232 | 密集书库/ [索取号:J404/41] | 在馆 | |
| 3 | 0100978 | 000572348 | 第一样本阅览室/ [索取号:J404/41] | 在馆 |